Paganini : (Registro nro. 2743)
[ vista simple ]
| 000 -LEADER | |
|---|---|
| campo de control de longitud fija | 00778nam a22002297a 4500 |
| 001 - NÚMERO DE CONTROL | |
| campo de control | 2743 |
| 003 - IDENTIFICADOR DE NÚMERO DE CONTROL | |
| campo de control | HMS |
| 005 - FECHA Y HORA DE LA ÚLTIMA TRANSACCIÓN | |
| campo de control | 20260409101820.0 |
| 008 - DATOS DE LONGITUD FIJA--INFORMACIÓN GENERAL | |
| campo de control de longitud fija | 250905e1976 ag |||grb||| 001 0dspa |
| 040 ## - FUENTE DE CATALOGACIÓN | |
| Centro catalogador/agencia de origen | hms |
| Lengua de catalogación | spa |
| Centro/agencia transcriptor | hms |
| 041 ## - CÓDIGO DE IDIOMA | |
| Código de lengua del texto/banda sonora o título independiente | spa |
| Código de lengua original | fre |
| 082 04 - NÚMERO DE LA CLASIFICACIÓN DECIMAL DEWEY | |
| Número de clasificación | 780.92 S259 |
| 100 1# - ENTRADA PRINCIPAL--NOMBRE DE PERSONA | |
| Nombre de persona | Saussine, Renée de |
| Término indicativo de función/relación | autor |
| 9 (RLIN) | 4185 |
| 245 10 - MENCIÓN DEL TÍTULO | |
| Título | Paganini : |
| Resto del título | El mago / |
| Mención de responsabilidad, etc. | Renee de Saussine. |
| Medio | [libro] |
| 250 ## - MENCION DE EDICION | |
| Mención de edición | 10 de enero de 1946 |
| 260 ## - PUBLICACIÓN, DISTRIBUCIÓN, ETC. | |
| Lugar de publicación, distribución, etc. | Buenos Aires, Argentina : |
| Nombre del editor, distribuidor, etc. | Ediciones Siglo Veinte, |
| Fecha de publicación, distribución, etc. | 1946 |
| 300 ## - DESCRIPCIÓN FÍSICA | |
| Extensión | 234 páginas ; |
| Dimensiones | 23 cm. |
| 500 ## - NOTA GENERAL | |
| Nota general | Incluye índice |
| 505 ## - NOTA DE CONTENIDO CON FORMATO | |
| Nota de contenido con formato | Primera parte. Italia. -- Segunda parte. Austria - Alemania - Polonia. -- Tercera parte. Francia - Inglaterra. - Italia. |
| 600 17 - PUNTO DE ACCESO ADICIONAL DE MATERIA--NOMBRE DE PERSONA | |
| Nombre de persona | Paganini, Nicolò, |
| Fechas asociadas al nombre | 1782-1840 |
| Subdivisión general | Biografía |
| 9 (RLIN) | 4186 |
| 942 ## - ELEMENTOS DE ENTRADA SECUNDARIOS (KOHA) | |
| Fuente del sistema de clasificación o colocación | Clasificación Decimal Dewey |
| Tipo de ítem Koha | Colección Patrimonial |
| Suprimir en OPAC | No |
| Estatus retirado | Estado de pérdida | Fuente del sistema de clasificación o colocación | Estado de daño | No para préstamo | Colección | Biblioteca de origen | Biblioteca actual | Ubicación en estantería | Fecha de adquisición | Número de inventario | Total de préstamos | Signatura topográfica completa | Código de barras | Visto por última vez | Copia número | Precio de reemplazo | Tipo de ítem Koha |
|---|---|---|---|---|---|---|---|---|---|---|---|---|---|---|---|---|---|
| Clasificación Decimal Dewey | Colección Reserva | Biblioteca Hospital Militar de Santiago | Biblioteca Hospital Militar de Santiago | Full Space | 05/09/2025 | 001935 | 780.92 S259 1946 | 001935 | 05/09/2025 | c.1 | 05/09/2025 | Colección Patrimonial |
